000 01074cam a2200313 i 4500
001 358275
003 OSt
005 20260429101811.0
008 770422s1977 nyua 001 0 eng
010 _a 77007658
020 _a047191715X
035 _a358275
040 _aDLC
_cFoundation University
050 0 0 _aNA2718
_b.W34 1977
100 1 _aWakita, Osamu A.
_915700
245 1 4 _aThe professional practice of architectural detailing /
_cOsamu A. Wakita, Richard M. Linde.
260 _aNew York :
_bWiley,
_cc1977.
264 _41977
300 _aix, 392 p. :
_bill. ;
_c28 cm.
_3books
_fbooks
336 _atext
_btxt
_2rdacontent
_3books
337 _aunmediated
_bn
_2rdamedia
_3books
338 _avolume
_bnc
_2rdacarrier
_3books
500 _aIncludes index.
650 0 _aArchitectural drawing
_xDetailing.
_915701
700 1 _aLinde, Richard M.,
_ejoint author.
_915702
906 _a7
_bcbc
_corignew
_d1
_eocip
_f19
_gy-gencatlg
942 _2lcc
_cBK
_hNA 2850
_i.1981 I57
_k(DAFA-Arch)
999 _c5815
_d5815